Statistics for Countries by Renewable Water

Click here to take the quiz!

General Stats

  • This quiz has been taken 12 times
  • The average score is 9 of 10

Answer Stats

#Country% Correct
2,840China
100%
4,508Russia
100%
3,069United States
100%
8,233Brazil
92%
2,902Canada
92%
2,132Colombia
83%
1,911India
83%
1,913Peru
83%
2,019Indonesia
75%
1,283D.R. Congo
67%

Score Distribution

Percentile by Number Answered

Percent of People with Each Score

Your Score History

You have not taken this quiz